| 000 | 00337nam a2200109Ia 4500 | ||
|---|---|---|---|
| 008 | 171204s9999 xx 000 0 und d | ||
| 245 | _aDictionary of Debate and Public Speaking: | ||
| 245 | _cLeslie Phillips | ||
| 260 | _c2016 | ||
| 650 | _xG-ENG04 Public Speaking and Rhetoric | ||
| 856 | _uhttp://down.ebook777.com/045/9781617701009.pdf | ||
| 999 |
_c345497 _d345497 |
||